000
00222 a2200097 4500
001
40002
100
_a
Singal M K
245
_a
Pre-University Mathematics
260
_a
New Dehli
_b
R Chand & Co.
_c
090
_c
24990
_d
24990
942
_a
NUST-CAE
_c
M
_c
16658
999
_c
275075
_d
275075